[Event "MPJ_D18"]
[Site "?"]
[Date "2016.03.15"]
[Round "4.11"]
[White "Kozaczynska, Aleksandra"]
[Black "Burdzy, Joanna"]
[Result "1-0"]
[BlackElo "1730"]
[WhiteElo "1683"]
[LiveChessVersion "1.4.8"]

1. e4 {[%clk 1:30:59]} e5 {[%clk 1:30:44]} 2. Nf3 {[%clk 1:31:22]} Nc6
{[%clk 1:31:08]} 3. Bc4 {[%clk 1:31:44]} Bc5 {[%clk 1:30:32]} 4. c3
{[%clk 1:32:06]} Nf6 {[%clk 1:30:36]} 5. d3 {[%clk 1:32:29]} d6 {[%clk 1:30:47]}
6. Bg5 {[%clk 1:30:54]} h6 {[%clk 1:30:05]} 7. Bh4 {[%clk 1:31:00]} O-O
{[%clk 1:30:10]} 8. Nbd2 {[%clk 1:30:36]} Be6 {[%clk 1:29:59]} 9. Bb3
{[%clk 1:29:30]} d5 {[%clk 1:27:27]} 10. exd5 {[%clk 1:27:19]} Bxd5
{[%clk 1:27:19]} 11. Bxf6 {[%clk 1:24:57]} gxf6 {[%clk 1:27:22]} 12. Bxd5
{[%clk 1:21:50]} Qxd5 {[%clk 1:27:41]} 13. Ne4 {[%clk 1:22:05]} Be7
{[%clk 1:24:49]} 14. Nh4 {[%clk 1:19:13]} Qd7 {[%clk 1:19:25]} 15. Qf3
{[%clk 1:16:41]} f5 {[%clk 1:12:37]} 16. Nxf5 {[%clk 1:14:49]} Qe6
{[%clk 1:12:41]} 17. Qg4+ {[%clk 1:09:37]} Qg6 {[%clk 1:12:29]} 18. Qxg6+
{[%clk 1:09:23]} fxg6 {[%clk 1:12:57]} 19. Nxh6+ {[%clk 1:09:29]} Kg7
{[%clk 1:13:17]} 20. Ng4 {[%clk 1:09:49]} Rad8 {[%clk 1:13:07]} 21. O-O-O
{[%clk 1:08:36]} b5 {[%clk 1:12:16]} 22. Rhe1 {[%clk 1:06:46]} b4
{[%clk 1:08:56]} 23. Kc2 {[%clk 1:06:13]} a5 {[%clk 1:08:23]} 24. f3
{[%clk 1:05:01]} a4 {[%clk 1:08:38]} 25. Nd2 {[%clk 1:04:37]} Bd6
{[%clk 1:07:41]} 26. Nc4 {[%clk 1:03:51]} Rfe8 {[%clk 1:07:58]} 27. Re4
{[%clk 1:03:24]} a3 {[%clk 1:07:36]} 28. bxa3 {[%clk 1:03:16]} bxc3
{[%clk 1:07:45]} 29. Kxc3 {[%clk 1:03:19]} Nd4 {[%clk 1:07:16]} 30. Ngxe5
{[%clk 1:01:18]} Nb5+ {[%clk 1:07:21]} 31. Kd2 {[%clk 1:00:30]} Nxa3
{[%clk 1:07:16]} 32. Nxa3 {[%clk 1:00:52]} Bxa3 {[%clk 1:07:41]} 33. Nc4
{[%clk 1:00:36]} Bb4+ {[%clk 1:07:41]} 34. Ke2 {[%clk 1:00:35]} Rh8
{[%clk 1:07:20]} 35. h3 {[%clk 1:00:48]} Ra8 {[%clk 1:07:20]} 36. a3
{[%clk 1:01:05]} Bxa3 {[%clk 1:07:40]} 37. Nxa3 {[%clk 1:01:30]} Rxa3
{[%clk 1:08:07]} 38. Re7+ {[%clk 1:01:46]} Kf6 {[%clk 1:08:31]} 39. Rxc7
{[%clk 1:01:33]} Ra2+ {[%clk 1:08:29]} 40. Rd2 {[%clk 1:31:11]} Re8+
{[%clk 1:38:29]} 41. Kd1 {[%clk 1:31:37]} Ra1+ {[%clk 1:38:42]} 42. Rc1
{[%clk 1:31:59]} Re1+ {[%clk 1:38:43]} 43. Kxe1 {[%clk 1:32:23]} Rxc1+
{[%clk 1:39:10]} 44. Kf2 {[%clk 1:32:46]} Ke5 {[%clk 1:39:27]} 45. d4+
{[%clk 1:32:57]} Kd5 {[%clk 1:39:46]} 46. Kg3 {[%clk 1:33:19]} Re1
{[%clk 1:40:00]} 47. Kg4 {[%clk 1:33:30]} Re6 {[%clk 1:39:51]} 48. Kg5
{[%clk 1:33:33]} Rc6 {[%clk 1:40:04]} 49. g4 {[%clk 1:33:30]} Rc3
{[%clk 1:39:53]} 50. Kxg6 {[%clk 1:33:20]} Rxf3 {[%clk 1:40:16]} 51. h4
{[%clk 1:33:44]} Rf8 {[%clk 1:40:33]} 52. g5 {[%clk 1:33:51]} Ke4
{[%clk 1:40:35]} 53. d5 {[%clk 1:33:36]} Rg8+ {[%clk 1:40:49]} 54. Kh7
{[%clk 1:33:40]} Rd8 {[%clk 1:41:12]} 55. g6 {[%clk 1:34:02]} Kf5 56. g7
{[%clk 1:34:18]} 1-0

[Event "MPJ_D18"]
[Site "?"]
[Date "2016.03.15"]
[Round "4.12"]
[White "Kozubal, Aleksandra"]
[Black "Trybowska, Anna"]
[Result "1/2-1/2"]
[BlackElo "1573"]
[WhiteElo "1688"]
[LiveChessVersion "1.4.8"]

1. d4 {[%clk 1:30:58]} d5 {[%clk 1:30:57]} 2. c4 {[%clk 1:31:20]} e6
{[%clk 1:31:24]} 3. Nc3 {[%clk 1:31:39]} Nf6 {[%clk 1:31:46]} 4. Bg5
{[%clk 1:31:43]} c6 {[%clk 1:32:12]} 5. e3 {[%clk 1:31:52]} Nbd7 {[%clk 1:32:27]}
6. Nf3 {[%clk 1:31:53]} Qa5 {[%clk 1:32:29]} 7. Qc2 {[%clk 1:27:45]} Ne4
{[%clk 1:30:33]} 8. cxd5 {[%clk 1:19:59]} Nxg5 {[%clk 1:28:06]} 9. Nxg5
{[%clk 1:19:38]} Nb6 {[%clk 1:27:30]} 10. Be2 {[%clk 1:06:56]} Nxd5
{[%clk 1:27:31]} 11. Nge4 {[%clk 1:06:15]} f5 {[%clk 1:24:57]} 12. Nd2
{[%clk 1:04:19]} Bb4 {[%clk 1:24:47]} 13. Rc1 {[%clk 1:03:40]} Bxc3
{[%clk 1:24:47]} 14. bxc3 {[%clk 1:03:58]} O-O {[%clk 1:24:59]} 15. Nc4
{[%clk 1:02:16]} Qd8 {[%clk 1:25:17]} 16. O-O {[%clk 1:01:02]} b6
{[%clk 1:25:23]} 17. Ne5 {[%clk 1:00:42]} Bb7 {[%clk 1:25:37]} 18. c4
{[%clk 0:57:40]} Ne7 {[%clk 1:25:49]} 19. Qb3 {[%clk 0:56:49]} Qc8
{[%clk 1:25:55]} 20. Bf3 {[%clk 0:52:26]} Ng6 21. Nxg6 {[%clk 0:45:48]} hxg6
{[%clk 1:26:14]} 22. Rfd1 {[%clk 0:45:04]} Qe8 {[%clk 1:26:31]} 23. a4
{[%clk 0:44:25]} Rb8 {[%clk 1:26:44]} 24. c5 {[%clk 0:41:42]} bxc5
{[%clk 1:27:04]} 25. Rxc5 {[%clk 0:42:03]} g5 {[%clk 1:27:00]} 26. Qc4
{[%clk 0:41:59]} g4 {[%clk 1:26:43]} 27. Bxc6 {[%clk 0:42:11]} Bxc6
{[%clk 1:27:09]} 28. Rxc6 {[%clk 0:42:36]} Rb6 {[%clk 1:27:24]} 29. d5
{[%clk 0:39:29]} exd5 {[%clk 1:27:37]} 30. Qxd5+ {[%clk 0:39:48]} Kh8
{[%clk 1:27:57]} 31. Rxb6 {[%clk 0:39:57]} axb6 {[%clk 1:28:22]} 32. Qc4
{[%clk 0:37:46]} Kh7 {[%clk 1:28:31]} 33. g3 {[%clk 0:37:41]} Rf6
{[%clk 1:28:47]} 34. Qb5 {[%clk 0:36:33]} Qxb5 {[%clk 1:29:12]} 35. axb5
{[%clk 0:36:58]} Kg6 {[%clk 1:29:39]} 36. Kf1 {[%clk 0:37:05]} Kf7
{[%clk 1:30:01]} 37. Ke2 {[%clk 0:37:10]} Ke6 {[%clk 1:30:24]} 38. Rd8
{[%clk 0:37:13]} Rh6 {[%clk 1:30:37]} 39. Rg8 {[%clk 0:36:41]} Kd5
{[%clk 1:30:39]} 40. Rxg7 {[%clk 0:36:27]} Kc5 {[%clk 1:30:24]} 41. Rg5
{[%clk 0:36:45]} Kxb5 {[%clk 1:30:26]} 42. Rxf5+ Kc6 {[%clk 1:30:45]} 43. Kd3
{[%clk 0:36:41]} Rxh2 {[%clk 1:31:07]} 44. Kc4 {[%clk 0:36:17]} Rh6
{[%clk 1:31:03]} 45. e4 {[%clk 0:35:45]} Re6 {[%clk 1:31:20]} 46. Rf4
{[%clk 0:33:25]} b5+ {[%clk 1:31:45]} 47. Kb4 {[%clk 0:33:45]} Rg6
{[%clk 1:31:57]} 48. e5 {[%clk 0:33:29]} Kd5 {[%clk 1:32:20]} 49. Rf6
{[%clk 0:31:41]} Rxf6 {[%clk 1:31:29]} 50. exf6 {[%clk 0:32:06]} Ke6
{[%clk 1:31:56]} 51. f7 {[%clk 0:32:31]} Kxf7 {[%clk 1:32:23]} 52. Kxb5
{[%clk 0:32:58]} Ke6 {[%clk 1:32:50]} 53. Kc4 {[%clk 0:33:20]} Ke5
{[%clk 1:33:16]} 54. Kd3 {[%clk 0:33:45]} Kd5 {[%clk 1:33:31]} 55. Ke3
{[%clk 0:34:02]} Ke5 {[%clk 1:33:57]} 56. f3 {[%clk 0:32:56]} gxf3
{[%clk 1:34:18]} 57. Kxf3 {[%clk 0:33:22]} Kf5 {[%clk 1:34:45]} 58. g4+
{[%clk 0:33:45]} Kg5 {[%clk 1:35:14]} 59. Kg3 {[%clk 0:34:09]} Kg6
{[%clk 1:35:39]} 60. Kf4 {[%clk 0:34:28]} Kf6 {[%clk 1:36:07]} 1/2-1/2

[Event "MPJ_D18"]
[Site "?"]
[Date "2016.03.15"]
[Round "4.13"]
[White "Pluta, Natalia"]
[Black "Wierzbowska, Aleksandra"]
[Result "0-1"]
[BlackElo "1685"]
[WhiteElo "1542"]
[LiveChessVersion "1.4.8"]

1. c4 {[%clk 1:30:56]} e6 {[%clk 1:30:57]} 2. g3 {[%clk 1:31:22]} d5
{[%clk 1:31:13]} 3. Bg2 {[%clk 1:31:48]} Nf6 {[%clk 1:31:37]} 4. Nf3
{[%clk 1:32:00]} Be7 {[%clk 1:31:49]} 5. O-O {[%clk 1:32:22]} O-O
{[%clk 1:32:16]} 6. b3 {[%clk 1:28:07]} Nbd7 {[%clk 1:31:39]} 7. d4
{[%clk 1:25:43]} c5 {[%clk 1:31:26]} 8. cxd5 {[%clk 1:23:44]} exd5
{[%clk 1:31:49]} 9. dxc5 {[%clk 1:23:58]} Bxc5 {[%clk 1:32:01]} 10. Bb2
{[%clk 1:21:41]} b6 {[%clk 1:31:18]} 11. Nc3 {[%clk 1:17:54]} Bb7
{[%clk 1:31:40]} 12. e3 {[%clk 1:13:08]} Rc8 {[%clk 1:30:31]} 13. Rc1
{[%clk 1:09:27]} Ba6 {[%clk 1:26:15]} 14. Re1 {[%clk 1:08:59]} Bb4
{[%clk 1:25:49]} 15. a3 {[%clk 1:07:46]} Bxc3 {[%clk 1:26:13]} 16. Rxc3
{[%clk 1:07:19]} Rxc3 {[%clk 1:25:08]} 17. Bxc3 {[%clk 1:07:46]} Ne4
{[%clk 1:24:51]} 18. Qd4 {[%clk 0:55:43]} Nxc3 {[%clk 1:23:46]} 19. Qxc3
{[%clk 0:56:09]} Nf6 {[%clk 1:24:04]} 20. Rd1 {[%clk 0:51:28]} Qc8
{[%clk 1:16:49]} 21. Qb2 {[%clk 0:42:27]} Rd8 {[%clk 1:09:47]} 22. Rc1
{[%clk 0:36:05]} Qd7 {[%clk 1:08:25]} 23. Ne5 {[%clk 0:34:49]} Qb7
{[%clk 1:05:54]} 24. b4 {[%clk 0:32:45]} Rc8 {[%clk 1:00:07]} 25. a4
{[%clk 0:29:06]} Rxc1+ {[%clk 0:59:58]} 26. Qxc1 {[%clk 0:29:27]} Qe7
{[%clk 0:59:37]} 27. Nc6 {[%clk 0:16:46]} Qc7 {[%clk 1:00:00]} 28. b5
{[%clk 0:17:05]} Bb7 {[%clk 1:00:25]} 29. Qc2 {[%clk 0:17:00]} Kf8
{[%clk 0:59:40]} 30. Nd4 {[%clk 0:15:17]} Qxc2 {[%clk 1:00:02]} 31. Nxc2
{[%clk 0:15:39]} Ke7 {[%clk 1:00:25]} 32. Kf1 {[%clk 0:14:34]} Kd6
{[%clk 1:00:22]} 33. Ke2 {[%clk 0:12:38]} Nd7 {[%clk 0:59:27]} 34. Kd3
{[%clk 0:12:03]} Nc5+ {[%clk 0:57:27]} 35. Kd4 {[%clk 0:12:17]} Ne6+
{[%clk 0:57:50]} 36. Kc3 {[%clk 0:11:07]} d4+ {[%clk 0:57:28]} 37. Nxd4
{[%clk 0:09:48]} Bxg2 {[%clk 0:57:50]} 38. Nf5+ {[%clk 0:08:20]} Kd7
{[%clk 0:57:08]} 39. Kc4 {[%clk 0:07:39]} Be4 {[%clk 0:56:52]} 0-1

[Event "MPJ_D18"]
[Site "?"]
[Date "2016.03.15"]
[Round "4.14"]
[White "Knapik, Julia"]
[Black "Wilk, Oktawia"]
[Result "1/2-1/2"]
[BlackElo "1683"]
[WhiteElo "1527"]
[LiveChessVersion "1.4.8"]

1. e4 {[%clk 1:30:58]} e6 {[%clk 1:30:54]} 2. d4 {[%clk 1:31:20]} d5
{[%clk 1:31:18]} 3. Nd2 {[%clk 1:31:41]} Nf6 {[%clk 1:31:41]} 4. e5
{[%clk 1:31:54]} Nfd7 {[%clk 1:32:04]} 5. Bd3 {[%clk 1:31:18]} c5
{[%clk 1:32:22]} 6. c3 {[%clk 1:31:32]} Nc6 {[%clk 1:32:41]} 7. Ne2
{[%clk 1:31:23]} cxd4 {[%clk 1:32:03]} 8. cxd4 {[%clk 1:31:25]} f6
{[%clk 1:31:53]} 9. exf6 {[%clk 1:31:21]} Nxf6 {[%clk 1:32:04]} 10. Nf3
{[%clk 1:29:43]} Bd6 {[%clk 1:32:15]} 11. O-O {[%clk 1:29:04]} Qc7
{[%clk 1:32:34]} 12. h3 {[%clk 1:29:19]} O-O {[%clk 1:32:49]} 13. Nc3
{[%clk 1:24:32]} a6 {[%clk 1:31:30]} 14. Re1 {[%clk 1:23:07]} e5 {[%clk 1:25:52]}
15. dxe5 {[%clk 1:21:37]} Nxe5 {[%clk 1:26:07]} 16. Be2 {[%clk 1:18:51]} Qc6
{[%clk 1:16:21]} 17. Bg5 {[%clk 1:17:13]} Ned7 {[%clk 0:54:50]} 18. Nd4
{[%clk 1:07:06]} Qb6 {[%clk 0:54:50]} 19. Ne6 {[%clk 1:06:50]} Bh2+
{[%clk 0:53:14]} 20. Kxh2 {[%clk 1:03:57]} Qxe6 {[%clk 0:53:35]} 21. Bf3
{[%clk 1:03:01]} Qd6+ {[%clk 0:52:54]} 22. Kg1 {[%clk 1:03:17]} d4
{[%clk 0:53:15]} 23. Ne4 {[%clk 1:00:57]} Qb6 {[%clk 0:51:09]} 24. Nxf6+
{[%clk 0:57:14]} Nxf6 {[%clk 0:51:29]} 25. Bxf6 {[%clk 0:54:44]} Qxf6
{[%clk 0:51:52]} 26. Qb3+ {[%clk 0:54:53]} Kh8 {[%clk 0:52:13]} 27. Rad1
{[%clk 0:55:06]} Rb8 {[%clk 0:52:18]} 28. Qd5 {[%clk 0:46:17]} Bxh3
{[%clk 0:48:35]} 29. Qxd4 {[%clk 0:45:48]} Be6 {[%clk 0:42:17]} 30. Qxf6
{[%clk 0:44:39]} Rxf6 {[%clk 0:42:38]} 31. a3 {[%clk 0:44:38]} Kg8
{[%clk 0:41:26]} 32. Rc1 {[%clk 0:38:30]} Kf8 {[%clk 0:36:04]} 33. Rc7
{[%clk 0:36:15]} Rf7 {[%clk 0:35:41]} 34. Rxb7 {[%clk 0:35:25]} Rfxb7
{[%clk 0:35:20]} 35. Bxb7 {[%clk 0:35:48]} Bc4 {[%clk 0:35:43]} 36. Be4
{[%clk 0:35:10]} Rxb2 {[%clk 0:33:33]} 37. Bxh7 {[%clk 0:35:07]} Rb3
{[%clk 0:33:11]} 38. Re3 {[%clk 0:34:19]} Rxe3 {[%clk 0:33:16]} 39. fxe3
{[%clk 0:34:42]} Ke7 {[%clk 0:33:42]} 40. Kf2 {[%clk 1:03:51]} Kf6
{[%clk 1:04:06]} 41. Bc2 {[%clk 1:04:14]} Ke5 {[%clk 1:04:22]} 42. Ke1
{[%clk 1:03:53]} Bd5 {[%clk 1:04:38]} 43. g3 {[%clk 1:04:08]} Bf3
{[%clk 1:03:17]} 44. Bd3 {[%clk 1:02:10]} a5 {[%clk 1:03:36]} 45. Kd2
{[%clk 1:01:02]} g5 {[%clk 1:03:42]} 46. Kc3 {[%clk 0:59:10]} Bd5
{[%clk 1:04:03]} 47. Kc2 {[%clk 0:55:45]} Bf7 {[%clk 1:03:09]} 48. Kd2
{[%clk 0:55:54]} Bd5 {[%clk 1:02:11]} 49. Kc3 {[%clk 0:54:56]} Bf7
{[%clk 0:54:13]} 50. Bh7 {[%clk 0:53:01]} Bd5 {[%clk 0:53:36]} 51. Kd3
{[%clk 0:52:45]} Ba2 {[%clk 0:52:40]} 52. e4 {[%clk 0:52:56]} Be6
{[%clk 0:52:50]} 53. Ke3 {[%clk 0:51:59]} Bg4 {[%clk 0:52:55]} 54. Bg8
{[%clk 0:50:18]} Bd1 {[%clk 0:53:02]} 55. Bd5 {[%clk 0:50:04]} Bg4
{[%clk 0:53:22]} 56. Bc4 {[%clk 0:44:24]} Bh5 {[%clk 0:53:24]} 57. Kd3
{[%clk 0:42:18]} Bg4 {[%clk 0:52:52]} 58. Bd5 {[%clk 0:39:39]} Bf3
{[%clk 0:52:52]} 59. Bb7 {[%clk 0:35:37]} Bh1 {[%clk 0:52:54]} 60. a4
{[%clk 0:32:55]} Bf3 {[%clk 0:46:59]} 61. Kc4 {[%clk 0:31:38]} Bxe4
{[%clk 0:47:22]} 62. Bxe4 {[%clk 0:32:05]} Kxe4 {[%clk 0:47:46]} 63. Kb5
{[%clk 0:32:20]} Kf3 {[%clk 0:48:12]} 64. Kxa5 {[%clk 0:32:43]} Kxg3
{[%clk 0:48:37]} 65. Kb5 {[%clk 0:33:08]} Kf2 {[%clk 0:48:33]} 66. a5
{[%clk 0:33:07]} 1/2-1/2

[Event "MPJ_D18"]
[Site "?"]
[Date "2016.03.15"]
[Round "4.15"]
[White "Godek, Martyna"]
[Black "Glapa, Anna"]
[Result "0-1"]
[BlackElo "1716"]
[WhiteElo "1483"]
[LiveChessVersion "1.4.8"]

1. e4 {[%clk 1:30:57]} c5 {[%clk 1:30:55]} 2. Nc3 {[%clk 1:31:18]} Nc6
{[%clk 1:31:19]} 3. g3 {[%clk 1:31:33]} g6 {[%clk 1:31:38]} 4. Bg2
{[%clk 1:31:48]} Bg7 {[%clk 1:32:02]} 5. f4 {[%clk 1:31:46]} e6 {[%clk 1:31:16]}
6. Nf3 {[%clk 1:31:47]} Nge7 {[%clk 1:31:20]} 7. O-O {[%clk 1:31:53]} O-O
{[%clk 1:31:20]} 8. d3 {[%clk 1:31:30]} d6 {[%clk 1:28:42]} 9. g4
{[%clk 1:29:41]} Nd4 {[%clk 1:24:43]} 10. a4 {[%clk 1:25:41]} Rb8
{[%clk 1:24:10]} 11. Ne2 {[%clk 1:23:20]} Nxf3+ {[%clk 1:23:06]} 12. Rxf3
{[%clk 1:23:12]} d5 {[%clk 1:15:30]} 13. e5 {[%clk 1:20:37]} f6 {[%clk 1:12:32]}
14. exf6 {[%clk 1:18:41]} Bxf6 {[%clk 1:11:46]} 15. Qe1 {[%clk 1:15:10]} e5
{[%clk 1:07:17]} 16. Qg3 {[%clk 1:09:35]} Nc6 {[%clk 0:55:44]} 17. g5
{[%clk 1:08:06]} Bg7 {[%clk 0:54:47]} 18. c3 {[%clk 1:04:24]} Bf5
{[%clk 0:53:31]} 19. h4 {[%clk 0:59:46]} Qd7 {[%clk 0:43:05]} 20. Rf2
{[%clk 0:50:27]} Rbe8 {[%clk 0:38:43]} 21. Be3 {[%clk 0:46:14]} b6
{[%clk 0:34:35]} 22. Rd1 {[%clk 0:42:24]} Qe6 {[%clk 0:29:22]} 23. Nc1
{[%clk 0:33:18]} Ne7 {[%clk 0:20:09]} 24. Bf3 {[%clk 0:30:56]} Rd8
{[%clk 0:14:39]} 25. h5 {[%clk 0:29:40]} gxh5 {[%clk 0:12:14]} 26. Bxh5
{[%clk 0:29:49]} Bg6 {[%clk 0:10:20]} 27. Bg4 {[%clk 0:22:48]} Bf5
{[%clk 0:09:46]} 28. Be2 {[%clk 0:19:02]} Ng6 {[%clk 0:09:41]} 29. Rdf1
{[%clk 0:17:14]} Bh3 {[%clk 0:07:11]} 30. Re1 {[%clk 0:11:11]} exf4
{[%clk 0:07:17]} 31. Bxf4 {[%clk 0:11:24]} Nxf4 {[%clk 0:07:26]} 32. Rxf4
{[%clk 0:11:24]} Be5 {[%clk 0:07:33]} 33. Rxf8+ {[%clk 0:11:29]} Rxf8
{[%clk 0:07:54]} 34. Qh4 {[%clk 0:10:44]} Bf4 {[%clk 0:03:00]} 35. Kh1
{[%clk 0:05:05]} Bxc1 {[%clk 0:01:20]} 36. Rxc1 {[%clk 0:05:27]} Bg2+
{[%clk 0:01:38]} 37. Kxg2 {[%clk 0:04:51]} Qxe2+ {[%clk 0:02:06]} 38. Kh1
{[%clk 0:04:42]} Qf3+ {[%clk 0:01:53]} 39. Kh2 {[%clk 0:04:34]} Qe2+
{[%clk 0:00:37]} 40. Kh1 {[%clk 0:34:42]} Qf3+ {[%clk 0:30:58]} 41. Kh2
{[%clk 0:34:59]} Rf4 {[%clk 0:28:21]} 42. Qe1 {[%clk 0:28:57]} Qh5+
{[%clk 0:28:13]} 43. Kg2 {[%clk 0:28:29]} Qxg5+ {[%clk 0:28:36]} 44. Kh3
{[%clk 0:27:57]} Rf3+ {[%clk 0:28:10]} 45. Kh2 {[%clk 0:28:13]} Qh5+
{[%clk 0:28:32]} 46. Kg1 {[%clk 0:27:39]} Qg4+ {[%clk 0:28:57]} 47. Kh2
{[%clk 0:28:01]} Rh3# {[%clk 0:29:24]} 0-1

[Event "MPJ_D18"]
[Site "?"]
[Date "2016.03.16"]
[Round "5.1"]
[White "Kopica, Paulina"]
[Black "Sliwicka, Alicja"]
[Result "1/2-1/2"]
[BlackElo "2093"]
[WhiteElo "1786"]
[LiveChessVersion "1.4.8"]

1. e4 {[%clk 1:30:58]} c5 {[%clk 1:30:54]} 2. Nf3 {[%clk 1:31:23]} d6
{[%clk 1:31:19]} 3. d4 {[%clk 1:31:48]} cxd4 {[%clk 1:31:43]} 4. Nxd4
{[%clk 1:32:11]} Nf6 {[%clk 1:32:07]} 5. Nc3 {[%clk 1:32:34]} Bd7
{[%clk 1:32:32]} 6. Bg5 {[%clk 1:32:36]} e6 {[%clk 1:32:55]} 7. Qd3
{[%clk 1:31:59]} a6 {[%clk 1:32:50]} 8. f4 {[%clk 1:31:16]} h6 {[%clk 1:31:43]}
9. Bh4 {[%clk 1:31:30]} Be7 {[%clk 1:29:35]} 10. Be2 {[%clk 1:28:24]} Nc6
{[%clk 1:28:03]} 11. O-O-O {[%clk 1:25:43]} Qc7 {[%clk 1:27:03]} 12. Bf3
{[%clk 1:19:59]} O-O-O {[%clk 1:19:58]} 13. Rhe1 {[%clk 1:11:49]} g5
{[%clk 1:18:21]} 14. fxg5 {[%clk 1:09:13]} Ne5 {[%clk 1:17:56]} 15. Qe2
{[%clk 1:07:41]} Nh7 {[%clk 1:11:03]} 16. Nf5 {[%clk 0:42:47]} Bc6
{[%clk 1:07:12]} 17. Nxe7+ {[%clk 0:39:29]} Qxe7 {[%clk 1:07:23]} 18. Qe3
{[%clk 0:38:40]} hxg5 {[%clk 1:05:22]} 19. Bg3 {[%clk 0:38:09]} Kb8
{[%clk 0:58:58]} 20. Rd4 {[%clk 0:31:33]} Nf8 {[%clk 0:54:44]} 21. Red1
{[%clk 0:30:29]} Nfg6 {[%clk 0:54:43]} 22. Be2 {[%clk 0:25:03]} f6
{[%clk 0:39:48]} 23. Qd2 {[%clk 0:20:39]} Kc7 {[%clk 0:39:52]} 24. Na4
{[%clk 0:17:12]} d5 {[%clk 0:30:23]} 25. Qa5+ {[%clk 0:16:49]} Kb8
{[%clk 0:28:59]} 26. Nc5 {[%clk 0:13:56]} Nf4 {[%clk 0:25:40]} 27. Bxf4
{[%clk 0:13:05]} gxf4 {[%clk 0:25:57]} 28. Qb6 {[%clk 0:10:00]} Kc8
{[%clk 0:24:10]} 29. exd5 {[%clk 0:07:19]} Rxd5 {[%clk 0:23:05]} 30. Rxd5
{[%clk 0:05:29]} exd5 {[%clk 0:21:35]} 31. Qa7 {[%clk 0:03:22]} Rh7
{[%clk 0:18:00]} 32. h3 {[%clk 0:01:46]} Rg7 {[%clk 0:16:35]} 33. Qa8+
{[%clk 0:00:55]} Kc7 {[%clk 0:16:54]} 34. Qa7 {[%clk 0:01:20]} Nd7
{[%clk 0:13:16]} 35. Nxd7 {[%clk 0:00:40]} Qxe2 {[%clk 0:13:29]} 36. Nxf6
{[%clk 0:00:36]} Rxg2 {[%clk 0:12:06]} 37. Qc5 {[%clk 0:00:55]} Qe3+
{[%clk 0:04:02]} 38. Qxe3 {[%clk 0:01:22]} fxe3 {[%clk 0:04:27]} 39. Nxd5+
{[%clk 0:00:58]} Bxd5 {[%clk 0:04:52]} 40. Rxd5 {[%clk 0:31:18]} Kc6
{[%clk 0:35:04]} 41. Rd3 {[%clk 0:30:09]} Rg1+ {[%clk 0:35:07]} 42. Rd1
{[%clk 0:30:36]} Rg3 {[%clk 0:35:31]} 43. h4 {[%clk 0:29:35]} Rh3
{[%clk 0:35:43]} 44. c3 {[%clk 0:28:39]} Kc5 {[%clk 0:35:28]} 45. b3
{[%clk 0:25:30]} Rxh4 {[%clk 0:33:06]} 46. Re1 {[%clk 0:25:37]} Rh3
{[%clk 0:33:29]} 47. Kc2 {[%clk 0:25:51]} Rh2+ {[%clk 0:33:43]} 48. Kd3
{[%clk 0:25:55]} Rd2+ {[%clk 0:33:21]} 49. Kxe3 {[%clk 0:26:11]} Rxa2
{[%clk 0:33:49]} 50. Kd3 {[%clk 0:26:16]} 1/2-1/2

[Event "MPJ_D18"]
[Site "?"]
[Date "2016.03.16"]
[Round "5.2"]
[White "Wozniak, Mariola"]
[Black "Olechnicka, Karolina"]
[Result "1-0"]
[BlackElo "1776"]
[WhiteElo "2154"]
[LiveChessVersion "1.4.8"]

1. e4 {[%clk 1:30:59]} c5 {[%clk 1:30:59]} 2. Nf3 {[%clk 1:31:23]} d6
{[%clk 1:31:25]} 3. d4 {[%clk 1:31:48]} cxd4 {[%clk 1:31:51]} 4. Nxd4
{[%clk 1:32:14]} Nf6 {[%clk 1:32:17]} 5. Nc3 {[%clk 1:32:38]} a6 {[%clk 1:32:43]}
6. Be2 {[%clk 1:33:04]} e6 {[%clk 1:32:58]} 7. O-O {[%clk 1:33:27]} Be7
{[%clk 1:33:23]} 8. f4 {[%clk 1:33:51]} O-O {[%clk 1:33:40]} 9. Be3
{[%clk 1:34:14]} Qc7 {[%clk 1:33:55]} 10. g4 {[%clk 1:34:07]} d5 {[%clk 1:15:05]}
11. exd5 {[%clk 1:33:21]} Nxd5 {[%clk 1:15:12]} 12. Nxd5 {[%clk 1:33:14]} exd5
{[%clk 1:15:36]} 13. Qd2 {[%clk 1:23:40]} Nc6 {[%clk 1:04:13]} 14. Rad1
{[%clk 1:21:12]} Rd8 {[%clk 0:54:40]} 15. Bf3 {[%clk 1:13:37]} Bf6
{[%clk 0:43:40]} 16. c3 {[%clk 1:06:38]} Na5 {[%clk 0:41:33]} 17. b3
{[%clk 1:05:38]} Bd7 {[%clk 0:33:42]} 18. g5 {[%clk 1:02:20]} Bxd4
{[%clk 0:29:47]} 19. Qxd4 {[%clk 1:01:32]} Bh3 {[%clk 0:23:56]} 20. Rfe1
{[%clk 1:00:17]} Nc6 {[%clk 0:23:19]} 21. Qb6 {[%clk 0:59:34]} Qc8
{[%clk 0:22:16]} 22. Rxd5 {[%clk 0:54:42]} Rxd5 {[%clk 0:18:59]} 23. Bxd5
{[%clk 0:55:06]} h6 {[%clk 0:12:03]} 24. g6 {[%clk 0:53:00]} Qg4+
{[%clk 0:10:41]} 25. Kh1 {[%clk 0:51:59]} Rd8 {[%clk 0:08:53]} 26. gxf7+
{[%clk 0:47:03]} Kh8 {[%clk 0:08:58]} 27. Qxd8+ {[%clk 0:47:25]} 1-0

[Event "MPJ_D18"]
[Site "?"]
[Date "2016.03.16"]
[Round "5.3"]
[White "Topolan, Agata"]
[Black "Kubicka, Anna"]
[Result "1/2-1/2"]
[BlackElo "2152"]
[WhiteElo "1889"]
[LiveChessVersion "1.4.8"]

1. e4 {[%clk 1:30:58]} c6 {[%clk 1:30:27]} 2. d4 {[%clk 1:31:21]} d5
{[%clk 1:30:52]} 3. exd5 {[%clk 1:31:43]} cxd5 {[%clk 1:31:18]} 4. Bd3
{[%clk 1:32:06]} Nc6 {[%clk 1:31:44]} 5. c3 {[%clk 1:32:26]} Nf6 {[%clk 1:32:04]}
6. h3 {[%clk 1:32:49]} Qc7 {[%clk 1:32:25]} 7. Nf3 {[%clk 1:32:14]} g6
{[%clk 1:32:44]} 8. O-O {[%clk 1:32:04]} Bf5 {[%clk 1:33:10]} 9. Qc2
{[%clk 1:27:40]} Bxd3 {[%clk 1:33:20]} 10. Qxd3 {[%clk 1:28:04]} Bg7
{[%clk 1:33:32]} 11. Na3 {[%clk 1:25:58]} a6 {[%clk 1:32:37]} 12. Nc2
{[%clk 1:26:01]} O-O {[%clk 1:32:22]} 13. Re1 {[%clk 1:25:27]} e6
{[%clk 1:28:30]} 14. Ne5 {[%clk 1:18:01]} Nd7 {[%clk 1:19:21]} 15. f4
{[%clk 1:16:04]} Rfb8 {[%clk 1:12:33]} 16. g4 {[%clk 1:13:04]} Ndxe5
{[%clk 1:09:50]} 17. fxe5 {[%clk 1:12:31]} b5 {[%clk 1:09:34]} 18. Bg5
{[%clk 1:10:49]} b4 {[%clk 1:08:23]} 19. h4 {[%clk 0:57:02]} bxc3
{[%clk 1:06:55]} 20. bxc3 {[%clk 0:55:33]} Rc8 {[%clk 0:58:57]} 21. Re3
{[%clk 0:53:41]} Qa5 {[%clk 0:35:50]} 22. Bf6 {[%clk 0:47:41]} Rab8
{[%clk 0:28:27]} 23. h5 {[%clk 0:44:18]} Rb2 {[%clk 0:26:47]} 24. Bxg7
{[%clk 0:41:51]} Kxg7 {[%clk 0:27:07]} 25. Qf1 {[%clk 0:41:11]} Qd8
{[%clk 0:25:52]} 26. Ne1 {[%clk 0:39:09]} gxh5 {[%clk 0:15:27]} 27. Nd3
{[%clk 0:37:14]} Rc2 {[%clk 0:12:41]} 28. Nf4 {[%clk 0:33:19]} Qg5
{[%clk 0:12:44]} 29. Nxh5+ {[%clk 0:33:25]} Kf8 {[%clk 0:11:55]} 30. Qf4
{[%clk 0:29:55]} Qxf4 {[%clk 0:11:09]} 31. Nxf4 {[%clk 0:30:23]} Na5
{[%clk 0:11:00]} 32. Rf1 {[%clk 0:27:06]} Ke7 {[%clk 0:10:25]} 33. Ref3
{[%clk 0:27:21]} Rf8 {[%clk 0:05:58]} 34. Rh3 {[%clk 0:24:50]} Rg8
{[%clk 0:04:42]} 35. Rxh7 {[%clk 0:22:30]} Rxg4+ {[%clk 0:05:09]} 36. Kh1
{[%clk 0:22:53]} Nc6 {[%clk 0:03:24]} 37. Nxd5+ {[%clk 0:21:38]} exd5
{[%clk 0:03:32]} 38. Rfxf7+ {[%clk 0:22:02]} Ke8 {[%clk 0:03:23]} 39. e6
{[%clk 0:22:14]} Rg8 {[%clk 0:03:12]} 40. Rc7 {[%clk 0:51:20]} Rc1+
{[%clk 0:33:17]} 41. Kh2 {[%clk 0:51:43]} Rc2+ {[%clk 0:33:24]} 42. Kh3
{[%clk 0:51:01]} Rc1 {[%clk 0:31:35]} 43. Kh2 {[%clk 0:48:42]} Rc2+
{[%clk 0:31:58]} 1/2-1/2